| 000 | 01216nam a2200241Ia 4500 | ||
|---|---|---|---|
| 003 | Ost | ||
| 005 | 20260507075204.0 | ||
| 008 | 260507s9999||||xx |||||||||||||| ||und|| | ||
| 040 | _cfsecg | ||
| 041 | _aara | ||
| 082 | _a330 | ||
| 100 |
_aالطراونة، محمد _eمؤلف |
||
| 245 | 0 |
_aمقدمة في بحوث العمليات / _c محمد الطراونة |
|
| 260 |
_aعمان: _bدار المسيرة, _c2009 |
||
| 300 |
_a387 صفحة؛ _bإيضاحات ؛ _c24 سم |
||
| 504 | _aمراجع ص.386 (اقتناءات 2014 ن1) | ||
| 520 | _aماهية بحوث العمليات ، نظرية القرارات ، البرمجة الخطية ، الطريقة المبسطة للبرمجة الخطية ، تحليل الحساسية و نظرية الحل الثنائي ، حالات خاصة في البرمجة الخطية : النقل و التعيين ، نماذج شبكات الاعمال : تخطيط و جدولة المشاريع ، نظرية المباريات (اللعاب ). | ||
| 653 | _aاتخاذ القرارات | ||
| 653 | _aالبرمجيات | ||
| 653 | _aبحوث العمليات | ||
| 700 |
_aعبيدات، سليمان _eمؤلف ثانوي |
||
| 942 | _cكتاب | ||
| 999 |
_c43421 _d43421 |
||